MyGZULibrary

Corporate information strategy and management : (Record no. 2624)

MARC details
000 -LEADER
fixed length control field 01664cam a22003854a 4500
001 - CONTROL NUMBER
control field 12840957
003 - CONTROL NUMBER IDENTIFIER
control field GZU
005 - DATE AND TIME OF LATEST TRANSACTION
control field 20201104094813.0
008 - FIXED-LENGTH DATA ELEMENTS--GENERAL INFORMATION
fixed length control field 020702s2003 maua b 001 0 eng
010 ## - LIBRARY OF CONGRESS CONTROL NUMBER
LC control number 2002026561
020 ## - INTERNATIONAL STANDARD BOOK NUMBER
International Standard Book Number 0256181160 (alk. paper)
040 ## - CATALOGING SOURCE
Original cataloging agency DLC
Transcribing agency DLC
Modifying agency DLC
042 ## - AUTHENTICATION CODE
Authentication code pcc
050 00 - LIBRARY OF CONGRESS CALL NUMBER
Classification number HD30.2
Item number .APP 1996
082 00 - DEWEY DECIMAL CLASSIFICATION NUMBER
Classification number 658.4/038/011
Edition number 21
100 1# - MAIN ENTRY--PERSONAL NAME
Personal name Applegate, Lynda M.
245 10 - TITLE STATEMENT
Title Corporate information strategy and management :
Remainder of title text and cases /
Statement of responsibility, etc. Lynda M. Applegate, Robert D. Austin, F. Warren McFarlan.
250 ## - EDITION STATEMENT
Edition statement 4th ed.
260 ## - PUBLICATION, DISTRIBUTION, ETC.
Place of publication, distribution, etc. Boston :
Name of publisher, distributor, etc. McGraw-Hill Irwin,
Date of publication, distribution, etc. c1996
300 ## - PHYSICAL DESCRIPTION
Extent x, 783 p. :
Other physical details ill.
Dimensions 24 cm.
500 ## - GENERAL NOTE
General note Rev. ed. of: Corporate information systems management : text and cases . 5th ed. c1999.
504 ## - BIBLIOGRAPHY, ETC. NOTE
Bibliography, etc. note Includes bibliographical references (p. 715-719) and index.
650 #0 - SUBJECT ADDED ENTRY--TOPICAL TERM
Topical term or geographic name entry element Information technology
General subdivision Management.
650 #0 - SUBJECT ADDED ENTRY--TOPICAL TERM
Topical term or geographic name entry element Management information systems.
650 #0 - SUBJECT ADDED ENTRY--TOPICAL TERM
Topical term or geographic name entry element Information resources management.
650 #0 - SUBJECT ADDED ENTRY--TOPICAL TERM
Topical term or geographic name entry element Information technology
General subdivision Management
-- Case studies.
700 1# - ADDED ENTRY--PERSONAL NAME
Personal name Austin, Robert D.
Fuller form of name (Robert Daniel),
Dates associated with a name 1962-
700 1# - ADDED ENTRY--PERSONAL NAME
Personal name McFarlan, F. Warren
Fuller form of name (Franklin Warren)
700 1# - ADDED ENTRY--PERSONAL NAME
Personal name Applegate, Lynda M.
Title of a work Corporate information systems management.
856 42 - ELECTRONIC LOCATION AND ACCESS
Materials specified Publisher description
Uniform Resource Identifier <a href="http://www.loc.gov/catdir/description/mh024/2002026561.html">http://www.loc.gov/catdir/description/mh024/2002026561.html</a>
856 41 - ELECTRONIC LOCATION AND ACCESS
Materials specified Table of contents
Uniform Resource Identifier <a href="http://www.loc.gov/catdir/toc/mh023/2002026561.html">http://www.loc.gov/catdir/toc/mh023/2002026561.html</a>
906 ## - LOCAL DATA ELEMENT F, LDF (RLIN)
a 7
b cbc
c orignew
d 1
e ocip
f 20
g y-gencatlg
942 ## - ADDED ENTRY ELEMENTS (KOHA)
Source of classification or shelving scheme Library of Congress Classification
Koha item type Books
Edition 4th ed.
Classification part 30.2
Item part APP
Call number prefix HD
Holdings
Withdrawn status Lost status Damaged status Not for loan Collection code Home library Current library Shelving location Date acquired Total Checkouts Full call number Barcode Date last seen Copy number Price effective from Koha item type
        Non-fiction City Campus Library City Campus Library General Stacks 11/04/2020   HD 30.2 APP 1996 002857 11/04/2020 c.1 11/04/2020 Books